| 000 | 00726nam a22002292 4500 | ||
|---|---|---|---|
| 001 | 0000018774 | ||
| 005 | 20151217152134.0 | ||
| 008 | 100629s xx 000 0 eng d | ||
| 020 | _a0849345413 : | ||
| 040 |
_aKABU _cKABU |
||
| 245 | 1 | 0 |
_aEntomopathogenic nematodes in biological control / _ceditors, Randy Gaugler, Harry K. Kaya. |
| 250 | _a1st ed. | ||
| 260 |
_aBoca Raton : _bCRC Press, _c1990. |
||
| 300 | _a365 p. | ||
| 650 | 0 |
_aInsect pests _xBiological control. _@0000178158 |
|
| 650 | 0 |
_aInsect nematodes. _@0000178159 |
|
| 700 | 1 |
_aGaugler, Randy. _@0000178160 |
|
| 700 | 1 |
_aKaya, Harry K. _@0000178161 |
|
| 852 | 1 | _9p500 KES | |
| 908 | _a100629 | ||
| 950 | _@1 | ||
| 999 |
_c8647 _d8647 |
||